000 00922cam a22002891 4500
001 10913
003 BD-RjUL
005 20211208235035.0
008 140125s1958 nyua b 000 0 eng c
035 _a(OCoLC)ocm00826196
035 _a(BD-RjUL)
035 _a(NNC)4024212
040 _aDLC/ICU
_cCGU
_dDLC
_dUKM
_dZCH
_beng
041 _aeng
082 0 _a612.0151
_bNEO 1958
100 1 _aNeilands, J. B.
_933728
245 1 0 _aOutlines of enzyme chemistry /
_c[by] J.B. Neilands [and] Paul K. Stumpf. With a chapter on the synthesis of enzymes by Roger Y. Stanier.
250 _a2d ed., rev. & enl.
260 _aNew York,
_bWiley
_c1958.
300 _axii ,411 p. :
_billus.;
_c24 cm.
504 _aIncludes bibliography.
650 0 _aEnzymes.
_933729
700 1 _aStumpf, Paul K.
_q(Paul Karl),
_d1919-2007,
_eauthor.
_933730
942 _2ddc
_cBK
999 _c10913
_d10913